| 000 | 00559nam a22001577a 4500 | ||
|---|---|---|---|
| 005 | 20150519104512.0 | ||
| 008 | 150519b xxu||||| |||| 00| 0 eng d | ||
| 022 | _a0971-7218 | ||
| 040 | _adpl | ||
| 245 |
_aScience,technology and society : _ban international journal / |
||
| 260 |
_aNew Delhi _bSage Publocation _c2015 |
||
| 300 |
_av. _c24cm |
||
| 310 | _aTriannually | ||
| 270 |
_aB1/1-1,Mohan Cooperative Industrial Area,Mathura Road, _bNew Delhi _dIndia _e110044 _k91-11-40539222 _l91-11-40539234 _mcustomerservicejournal@sagepub.in |
||
| 942 |
_2ddc _cSR _mSCI _s1 |
||
| 999 |
_c93734 _d93734 |
||